|
|
|
|
| LEADER |
00000naa2a2200000 4500 |
| 001 |
622973 |
| 005 |
20231101133235.0 |
| 035 |
|
|
|a (RuTPU)RU\TPU\conf\21793
|
| 035 |
|
|
|a RU\TPU\conf\21792
|
| 090 |
|
|
|a 622973
|
| 100 |
|
|
|a 20170717d2017 k y0rusy50 ca
|
| 101 |
0 |
|
|a rus
|
| 102 |
|
|
|a RU
|
| 105 |
|
|
|a y z 101zy
|
| 135 |
|
|
|a drgn ---uucaa
|
| 181 |
|
0 |
|a i
|
| 182 |
|
0 |
|a b
|
| 200 |
1 |
|
|a Флотационное дообогащение бериллийсодержащих концентратов
|f С. В. Букоткин
|g науч. рук. Л. Н. Малютин
|
| 203 |
|
|
|a Текст
|c электронный
|
| 225 |
1 |
|
|a Химическая технология редких элементов
|
| 230 |
|
|
|a 1 компьютерный файл (pdf; 551 Kb)
|
| 300 |
|
|
|a Заглавие с экрана
|
| 320 |
|
|
|a [Библиогр.: с. 351 (2 назв.)]
|
| 463 |
|
0 |
|0 (RuTPU)RU\TPU\conf\21448
|t Химия и химическая технология в XXI веке
|o материалы XVIII Международной научно-практической конференции студентов и молодых ученых имени профессора Л.П. Кулёва, 29 мая-1 июня 2017 г., г. Томск
|f Национальный исследовательский Томский политехнический университет (ТПУ) ; Институт природных ресурсов (ИПР) ; Институт физики высоких технологий (ИФВТ) ; Физико-технический институт (ФТИ)
|v [С. 350-351]
|d 2017
|
| 610 |
1 |
|
|a труды учёных ТПУ
|
| 610 |
1 |
|
|a электронный ресурс
|
| 610 |
1 |
|
|a металлический бериллий
|
| 610 |
1 |
|
|a гидродифторид аммония
|
| 610 |
1 |
|
|a флотация
|
| 610 |
1 |
|
|a соли натрия
|
| 610 |
1 |
|
|a депрессоры
|
| 700 |
|
1 |
|a Букоткин
|b С. В.
|
| 702 |
|
1 |
|a Малютин
|b Л. Н.
|c химик-технолог
|c техник-проектировщик Томского политехнического университета
|f 1990-
|g Лев Николаевич
|2 stltpush
|4 727
|
| 712 |
0 |
2 |
|a Национальный исследовательский Томский политехнический университет (ТПУ)
|b Физико-технический институт (ФТИ)
|b Кафедра химической технологии редких, рассеянных и радиоактивных элементов (№ 43) (ХТРЭ)
|h 56
|2 stltpush
|3 (RuTPU)RU\TPU\col\18733
|
| 801 |
|
2 |
|a RU
|b 63413507
|c 20170727
|g RCR
|
| 856 |
4 |
|
|u http://earchive.tpu.ru/handle/11683/41601
|
| 942 |
|
|
|c BK
|